Among Us - Statistics

General Stats
  • This quiz has been taken 1,049 times
    836 since last reset
  • The average score is 13 of 18
Answer Stats
Hint Answer % Correct
Name a colour in the fix wires task Pink,Yellow,Blue,Red
90%
What letter is in every game code Q/F
86%
What is the max number of imposters a game can have 3
85%
What is the original map The Skeld
85%
What would you call someone you think is imposter Sus
84%
At what number of players does it make you confirm if you want to start 4
82%
How many colour options are there 12
79%
What is the visual task in the Skeld’s Medbay Submit Scan
76%
Where do you fix lights in the majority of the maps Electrical
75%
Name a room beginning with A Admin
74%
What is the most recent map to be released Polus
69%
How long do you have fix Oxygen on the Skeld in seconds 30
68%
Who are the developers of among us Innersloth
68%
What is the the map where every vent is collected Mira HQ
65%
What sabotage turns of technology and the map for tasks Comms
59%
Who’s name is red Imposter
58%
What piece of technology is used to tell you who is dead and alive Vitals
54%
What is among us said to have stolen success from Fall Guys
24%
No matching quizzes found
Score Distribution
Percent of People with Each Score
Percentile by Number Answered
Your Score History
You have not taken this quiz since the last reset